Zákon č. 76/2000 z 8. februára 2000, ktorým sa mení a dopĺňa zákon Národnej rady Slovenskej republiky č. 124/1996 Z.z. ...

Znenie zákona č. 76/2000 Z.z. z 8. februára 2000, ktorým sa mení a dopĺňa zákon NR SR č. 124/1996 Z.z. o Štátnom fonde rozvoja bývania v znení zákona NR SR č. 1/1997 Z.z.

Salvato in:
Dettagli Bibliografici
Natura: Capitolo di libro
Lingua:slovacco
Soggetti:
Tags: Aggiungi Tag
Nessun Tag, puoi essere il primo ad aggiungerne!!

MARC

LEADER 00000naa a2200000 4500
001 r037982
005 20230926082919.9
041 0 |a slo 
044 |a SK 
245 1 0 |a Zákon č. 76/2000 z 8. februára 2000, ktorým sa mení a dopĺňa zákon Národnej rady Slovenskej republiky č. 124/1996 Z.z. ... 
520 |a Znenie zákona č. 76/2000 Z.z. z 8. februára 2000, ktorým sa mení a dopĺňa zákon NR SR č. 124/1996 Z.z. o Štátnom fonde rozvoja bývania v znení zákona NR SR č. 1/1997 Z.z. 
610 2 0 |a fondy účelové 
610 2 0 |a Štátny fond rozvoja bývania Bratislava 
610 2 0 |a zákony 
610 2 0 |a Slovensko 
610 2 0 |a novelizácia 
610 2 0 |a február 
610 2 0 |a 2000